| 000 | 00569nam a2200217Ia 4500 | ||
|---|---|---|---|
| 003 | 0100 | ||
| 008 | 130303s9999 xx 000 0 und d | ||
| 040 | _cARRUPELIB | ||
| 050 | _aB3316.J43N3 1965 | ||
| 100 | _aJaspers, Karl | ||
| 245 | _aNietzsche | ||
| 245 | _ban introduction to the understanding of his philosophical activity | ||
| 260 | _aChicago | ||
| 260 | _bHenry Regnery Company | ||
| 260 | _C1965 | ||
| 300 | _a496p. | ||
| 300 | _b 20cm. | ||
| 650 | _aPHILOSOPHY | ||
| 700 | _aWallraff, Charles F. and Schmitz, Frederick J. (tr.) | ||
| 942 | 0 | 0 | _02 |
| 999 |
_c40030 _d40030 |
||